Syngman Rhee presidental papers (Record no. 1100390)

MARC details
000 -LEADER
fixed length control field 00971nam a2200301Ia 4500
003 - CONTROL NUMBER IDENTIFIER
control field OSt
005 - DATE AND TIME OF LATEST TRANSACTION
control field 20221006153427.0
008 - FIXED-LENGTH DATA ELEMENTS--GENERAL INFORMATION
fixed length control field 221006b |||||||| |||| 00| 0 eng d
020 ## - INTERNATIONAL STANDARD BOOK NUMBER
International Standard Book Number 9788971416761
-- 22.25
037 ## - SOURCE OF ACQUISITION
Terms of availability Textual
040 ## - CATALOGING SOURCE
Original cataloging agency EASL
Transcribing agency EASL
Language of cataloging eng
041 ## - LANGUAGE CODE
Source of code eng
Language code of text/sound track or separate title eng
100 ## - MAIN ENTRY--PERSONAL NAME
Personal name INSTITUTE FOR MODERN STUDIES Au.
9 (RLIN) 663866
245 #0 - TITLE STATEMENT
Title Syngman Rhee presidental papers
Remainder of title A catalogue
260 ## - PUBLICATION, DISTRIBUTION, ETC.
Place of publication, distribution, etc. Korea
Name of publisher, distributor, etc. Yonsei University Press
Date of publication, distribution, etc. 2005
300 ## - PHYSICAL DESCRIPTION
Extent 232p.
Dimensions cm.
490 ## - SERIES STATEMENT
Volume/sequential designation KEL
Series statement IMKS historical materials series no.7
650 ## - SUBJECT ADDED ENTRY--TOPICAL TERM
Topical term or geographic name entry element Catalogue
9 (RLIN) 663867
650 ## - SUBJECT ADDED ENTRY--TOPICAL TERM
Topical term or geographic name entry element KEL
650 ## - SUBJECT ADDED ENTRY--TOPICAL TERM
Topical term or geographic name entry element Presidential paper
9 (RLIN) 663868
700 ## - ADDED ENTRY--PERSONAL NAME
Personal name YOUNG Ick-lew etc Co.
9 (RLIN) 663869
942 ## - ADDED ENTRY ELEMENTS (KOHA)
Classification part V495,1y7, P5
Koha item type Textual
Source of classification or shelving scheme Colon Classification (CC)
Holdings
Withdrawn status Lost status Source of classification or shelving scheme Damaged status Not for loan Home library Current library Date acquired Source of acquisition Serial Enumeration / chronology Total Checkouts Full call number Barcode Date last seen Price effective from Koha item type
    Colon Classification (CC)     Department of East Asian Studies Library Department of East Asian Studies Library 2022-10-06 Gift, Korean Embassy KEL   V495,1y7 P5 EA1393033 2022-10-06 2022-10-06 Textual
Copyright @ Delhi University Library System